00605nam a2200205Ia 4500008004100000020001500041050001600056100002000072245002100092245004700113245002300160260002000183260001600203260000900219300001600228300002000244300001000264999001900274952010600293170918s9999 xx 000 0 und d a1840185090 bS864on 2000 aStockins, Jimmy aOn the cobbles : bthe life of a bare-knuckle gypsy warrior / cby Jimmy Stockins. aGreat Britain : bMainstream, c2000 a206 pages : billustrations ; c19cm. c343442d343442 001040aSSISMbSSISMd2017-09-18l0oFIC S864on 2000pSSISM2514r2017-09-18 00:00:00w2017-09-18yBK